Les conditions du travail dans le Royaume-Uni de Grande-Bretagne et d'Irlande (Record no. 154178)

MARC details
000 -LEADER
campo de control de longitud fija 01094nam a2200229 i 4500
001 - NÚMERO DE CONTROL
campo de control 154178
003 - IDENTIFICADOR DE NÚMERO DE CONTROL
campo de control ES-MaACL
005 - FECHA Y HORA DE LA ÚLTIMA TRANSACCIÓN
campo de control 20250826070628.0
008 - DATOS DE LONGITUD FIJA--INFORMACIÓN GENERAL
campo de control de longitud fija 990727s1891 fr |||| | fre d
040 ## - FUENTE DE CATALOGACIÓN
Centro catalogador/agencia de origen CCPB | B
Lengua de catalogación spa
Centro/agencia transcriptor CCPB | B
100 1# - ENTRADA PRINCIPAL--NOMBRE DE PERSONA
Nombre de persona Caubet, Léo.
9 (RLIN) 126401
245 14 - MENCIÓN DEL TÍTULO
Título Les conditions du travail dans le Royaume-Uni de Grande-Bretagne et d'Irlande
Resto del título : rapport adressé au Ministre des Affaires Étrangères /
Mención de responsabilidad, etc. par M. Léo Caubet.
260 ## - PUBLICACIÓN, DISTRIBUCIÓN, ETC.
Lugar de publicación, distribución, etc. Paris ;
-- Nancy :
Nombre del editor, distribuidor, etc. Berger-Levrault et Cie,
Fecha de publicación, distribución, etc. 1891.
300 ## - DESCRIPCIÓN FÍSICA
Extensión 133, [3] p. ;
Dimensiones 23 cm.
490 1# - MENCIÓN DE SERIE
Mención de serie Recueil de rapports sur les conditions du travail dans les pays étrangers adressés au Ministre des affaires étrangeres
596 ## - NOTA AL PIE DE IMPRENTA
NOTA AL PIE DE IMPRENTA Marca del ed. en port.
597 ## - NOTA DE DESCRIPCIÓN FÍSICA
NOTA DE DESCRIPCIÓN FÍSICA Antep.
650 #7 - PUNTO DE ACCESO ADICIONAL DE MATERIA--TÉRMINO DE MATERIA
Término de materia o nombre geográfico como elemento de entrada Trabajo-
Subdivisión geográfica Gran Bretaña
Fuente del encabezamiento o término
9 (RLIN) 161261
830 0# - PUNTO DE ACCESO ADICIONAL DE SERIE-TÍTULO UNIFORME
Título uniforme Recueil de rapports sur les conditions du travail dans les pays étrangers adressés au Ministre des affaires étrangeres
9 (RLIN) 187853
852 ## - LOCALIZACIÓN
Ubicación ES-MaACL
Número de control de estantería G-10806(5)
Nota libre -- Enc. pasta española conservando la original
-- -- Donativo de Azcárate
Holdings
Estatus retirado Estado de pérdida Estado de daño No para préstamo Colección Biblioteca de origen Biblioteca actual Ubicación en estantería Fecha de adquisición Fuente de adquisición Total de préstamos Signatura topográfica completa Código de barras Visto por última vez Precio de reemplazo Tipo de ítem Koha
        Libros del s. XIX Biblioteca del Ateneo de Madrid Biblioteca del Ateneo de Madrid Sala Pecera Planta 3 17/01/2008     G-10806(5) 1161216 23/02/2023 23/02/2023 Libro impreso antiguo